000 00661nam a2200205Ia 4500
003 OSt
005 20250909122708.0
008 Pun
037 _cTB
040 _aARTS
_cARTS
_bPun
041 _2Pun
_aPun
084 _aO153,1vN5 J0
_qAL
100 _aਸਿੰਘ, ਪਿਆਰਾ
_9820639
245 0 _aਪੰਜਾਬੀ ਕਵਿਤਾ
_b ਪਰੰਪਰਾ ਤੇ ਵਿਕਾਸ
260 _aਲੁਧਿਆਣਾ
_b ਲਾਹੌਰ ਬੁਕ Fਾਪ
300 _a232ਪੰ
_ccm.
650 _aਪੰਜਾਬੀ ਸਾਹਿਤ
_9820640
942 _hO153,1vN5 J0
_cTB
_2CC
_n0
999 _c371142
_d371142